| 000 | 00723nas a22001813 4500 | ||
|---|---|---|---|
| 001 | 10806780 | ||
| 003 | BD-DhUL | ||
| 005 | 20170418173151.0 | ||
| 008 | 890614s nyu u 0 0 0und | ||
| 010 | _asv 89057918 | ||
| 040 | _cBD-DhUL | ||
| 082 |
_a967.606 _bUNU |
||
| 245 | 0 | 0 | _aUnited Nations. Trusteeship Council. Visiting Mission to Trust Territories in East Africa. Report on Tanganyika together with related documents / |
| 260 |
_aNew York : _bUnited Nations, _c1960 |
||
| 310 | _aSeries entry | ||
| 590 | _aHoldings in 3x5 and visible files. 1951 cataloged as mono. Main series: United Nations. Document. Subseries: United Nations. Trusteeship Council. Official records. Supplement. | ||
| 942 |
_2ddc _cREF |
||
| 999 |
_c185541 _d185541 |
||